1335 1817 1084 1753 1800 1942 1275 1789 1636 1480 1882 1082 1570 1418 1903 1791 1237 1289 1809 1326 1548 1833 1268 1004 1588 1318 1112 1146 1009 1667 1457 1149 1065 1015 1480 1483 1609 1852 1937 1782 1342 1995 1499 1137 1706 1420 1262 1857 1007 1201 1214 1516 1999 1700 1225 1459 1581 1021 1595 1587 1964 1464 1576 1552 1194 1070 1436 1232 1954 1370 1413 1746 1283 1073 1926 1179 1668 1113 1966 1827 1418 1568 1483 1289 1732 1615 1489 1139 1127 1651 1873 1942 1474 1784 1721 1599 1506 1995 1967 BCNSPRNW ULIB Ver.6.0+V

เปลี่ยนเป็นภาษาไทย

Change to English
 แสดงรายละเอียดบรรณานุกรม
  กลับหน้าหลัก

Brief Record : Get Marc (ISO 2709) : E-mail record : QR code < ปิดหน้าต่าง
LEADER : 00000nam 2200000uu 4500
001    13399125935
003     ULIB
008    171120s2556||||th 000 0 tha d
020    ^a9786165381567
050  4 ^aLB1060^bส291ก
100 0  ^aศศิธร เวียงวะลัย
245 10 ^aการจัดการเรียนรู้ Learning Management /^cศศิธร เวียงวะลัย
260    ^aกรุงเทพฯ :^bโอเดียนสโตร์,^c2556
300    ^a262 หน้า
500    ^aชื่อเรื่องจากปกนอก
650  4 ^aการเรียนรู้^xการจัดการ
650  4 ^aกิจกรรมการเรียนการสอน
945    ^p180^l0^i25687
999    ^aกัณชพร จุลอักษร
รายการนี้ยังไม่มีแท็ก
คุณยังไม่ได้ล็อกอิน คุณสามารถมีกิจกรรมร่วมกับเว็บไซต์ได้ แต่ต้องล็อกอินก่อน ::
  ล็อกอิน

รายการสื่อสารสนเทศ

ลำดับที่ ประเภท เลขเรียก/บาร์โค้ด สถานที่ สถานะ
1. วิทยาศาสตร์การแพทย์ และสุขภาพ
วิทยาศาสตร์การแพทย์ และสุขภาพ
LB1060 ส291ก ฉ.1 
  Barcode: 25687
ห้องสมุดวิทยาเขตนครสวรรค์
►หนังสือทั่วไป:l:General Books
บนชั้น

รายการใกล้เคียง
    ผู้แต่ง [ศศิธร เวียงวะลัย]

    หัวเรื่อง [กิจกรรมการเรียนการสอน]

BibComment


ยังไม่เคยถูกคอมเมนท์

คอมเมนท์ทรัพยากรรายการนี้
  คอมเมนท์: การจัดการเรียนรู..


 Copyright 2026. Bcnsprnw @Library